Lifelines : the resilient infrastructure opportunity /

Bibliographic Details
Main Authors: Hallegatte, Stephane, (Author), Rozenberg, Julie, (Author), Rentschler, Jun, (Author)
Format: eBook
Language:English
Published: Washington, District of Columbia : World Bank Group, [2019]
Series:Sustainable infrastructure series
Subjects:
Online Access:Click to View
LEADER 01749nam a2200409 i 4500
001 EBC5889480
003 MiAaPQ
005 20200520144314.0
006 m o d |
007 cr cnu||||||||
008 190930s2019 dcu o 000 0 eng d
020 |z 9781464814303 
020 |a 9781464814310 (e-book) 
035 |a (MiAaPQ)EBC5889480 
035 |a (Au-PeEL)EBL5889480 
035 |a (OCoLC)1117637804 
040 |a MiAaPQ  |b eng  |e rda  |e pn  |c MiAaPQ  |d MiAaPQ 
050 4 |a HC79.C3  |b .H355 2019 
082 0 |a 363  |2 23 
100 1 |a Hallegatte, Stephane,  |e author. 
245 1 0 |a Lifelines :  |b the resilient infrastructure opportunity /  |c Stephane Hallegatte, Jun Rentschler, Julie Rozenberg. 
264 1 |a Washington, District of Columbia :  |b World Bank Group,  |c [2019] 
264 4 |c 2019 
300 |a 1 online resource (223 pages). 
336 |a text  |b txt  |2 rdacontent 
337 |a computer  |b c  |2 rdamedia 
338 |a online resource  |b cr  |2 rdacarrier 
490 0 |a Sustainable infrastructure series 
588 |a Description based on print version record. 
590 |a Electronic reproduction. Ann Arbor, MI : ProQuest, 2018. Available via World Wide Web. Access may be limited to ProQuest affiliated libraries. 
650 0 |a Infrastructure (Economics) 
655 4 |a Electronic books. 
700 1 |a Rozenberg, Julie,  |e author. 
700 1 |a Rentschler, Jun,  |e author. 
776 0 8 |i Print version:  |a Hallegatte, Stephane.  |t Lifelines : the resilient infrastructure opportunity.  |d Washington, District of Columbia : World Bank Group, c2019   |h 223 pages   |k Sustainable infrastructure series   |z 9781464814303   |w (DLC) 
797 2 |a ProQuest (Firm) 
856 4 0 |u https://ebookcentral.proquest.com/lib/matrademy/detail.action?docID=5889480  |z Click to View